000 00456nam a2200181Ia 4500
005 20240913125940.0
008 240913s9999||||xx |||||||||||||| ||und||
041 _aENGLISH
082 _A616.12 Q7
100 _aVijay Raghawa Rao
245 0 _aClinical Examination in Cardiology
250 _a2nd
260 _c2017
_bEls
_aJapan
500 _aREFERENCE
650 _aCardiac Care Technology
_bAllied Health Science
942 _cREF
999 _c246627
_d246627